000 00562nam a2200181Ia 4500
008 100917s9999 xx 000 0 und d
082 _b56032
100 _aब्रह्मांडकर उज्वल
245 _aका धरिला परदेस
260 _bमनोरमा प्रकाशन
_c1983
300 _a203
365 _b30
520 _aकादंबरी
630 _aका धरिला परदेस
650 _aकादंबरी
730 _aका धरिला परदेस
942 _cBOOK
999 _c661426
_d661423